000 00333nam a2200145Ia 4500
100 _aIIT/Kanpur
650 _aAutomobiles
942 _cRB
654 _amachine
245 _a9th All India Machine tool designed research conference
260 _bIIT
_aKanpur
_c1980
082 _a621.902
_bIIT
300 _a29
546 _aENGLISH
999 _c19882
_d19882